000 00640nam a2200265Ia 4500
005 20260121165532.0
008 008 260114s9999 xx 000 0 eng d
020 _a9781484218808
037 _aEBOOK
040 _aCRL
040 _beng
040 _cCRL
041 _2eng
041 _aeng
084 _qCRL
100 _aBruce Wade
_91052932
245 0 _aOS X App Development with CloudKit and Swift
260 _bSpringer
260 _bSpringer
260 _c2016
856 _uhttps://link.springer.com/openurl?genre=book&isbn=978-1-4842-1880-8
942 _cEBOOK
999 _c1618658
_d1618658